| 000 | 01935nas a2200277Ia 4500 | ||
|---|---|---|---|
| 001 | R261-R4314 | ||
| 003 | IT-CnALBA | ||
| 008 | 170116c99999999xx |||||||||||| ||und|| | ||
| 040 |
_aIT-CnALBA _cIT-CnALBA |
||
| 041 | _aITALIANO | ||
| 100 | _aBALDANZA GIUSEPPE | ||
| 210 | _aLA SCUOLA CATTOLICA | ||
| 222 | _aLA SCUOLA CATTOLICA | ||
| 245 | 0 | _aLA SCUOLA CATTOLICA. RIVISTA TEOLOGICA. MAGGIO-GIUGNO 1975. | |
| 250 | _a1a ed. | ||
| 260 |
_a VARESE _bLA TIPOG. VARESE SOC. AN. ED. _c1975 [1° Ed.:1975 - Ed.Ling.Originale: 1975] |
||
| 300 | _a120 p. | ||
| 310 | _aBIMESTRALE | ||
| 362 | _aFascicolo: 3 / Anno: 103 (1975) | ||
| 500 | _aAPPROFONDIMENTO DEL SEGNO SACRAMENTALE PER IL RINNOVAMENTO E SVILUPPO DELLA TEOLOGIA DEL MATRIMONIO, PROSPETTIVE NUOVE. IL LINGUAGGIO TEOLOGICO DI ILARIO DI POITIERS. BELLINI E. SEPARAZIONE E NUOVO MATRIMONIO NELLA CHIESA ANTICA. GESTORI G. LA PERSONALITÀ E L'OPERA DI SCIACCA M. FEDERICO. LACQUANITI ST. VI SETTIMANA DI STUDI MEDIEVALI: DIOCESI PIEVE E PARROCCHIE. DODD CH. L'INTERPRETAZIONE DEL VANGELO DI GIOVANNI. GAETA G. IL DIALOGO CON NICODEMO. ROANIUK C. LA VOCAZIONE NELLA BIBBIA. BERGERRE M. QUATTRO PAPI E UN GIORNALISTA. ETC... | ||
| 501 | _aSocietà San Paolo EM - Piazza San Paolo, 14 - 12051 ALBA (CN) (non commercial uses only) ® Copyright 2017 | ||
| 520 | _aAPPROFONDIMENTO DEL SEGNO SACRAMENTALE PER IL RINNOVAMENTO E SVILUPPO DELLA TEOLOGIA DEL MATRIMONIO, PROSPETTIVE NUOVE. IL LINGUAGGIO TEOLOGICO DI ILARIO DI POITIERS. BELLINI E. SEPARAZIONE E NUOVO MATRIMONIO NELLA CHIESA ANTICA. GESTORI G. LA PERSONALITÀ E L'OPERA DI SCIACCA M. FEDERICO. LACQUANITI ST. VI SETTIMANA DI STUDI MEDIEVALI: DIOCESI PIEVE E PARROCCHIE. DODD CH. L'INTERPRETAZIONE DEL VANGELO DI GIOVANNI. GAETA G. IL DIALOGO CON NICODEMO. ROANIUK C. LA VOCAZIONE NELLA BIBBIA. BERGERRE M. QUATTRO PAPI E UN GIORNALISTA. ETC... | ||
| 650 | _aSCIENZE RELIGIOSE | ||
| 942 | _cCR | ||
| 957 | _71 | ||
| 999 |
_a14368 _bNO _g1 _c322326 _d322326 |
||